| 000 | 00350nam a2200145 4500 | ||
|---|---|---|---|
| 005 | 20241108073859.0 | ||
| 008 | ENG | ||
| 020 | _a9780798171113 | ||
| 040 | _cRDA | ||
| 082 | _a839.3635 BAKK | ||
| 100 |
_aBakkes C _9171993 |
||
| 245 | 0 |
_aStoffel: Die beste stories _cC. BAKKES |
|
| 942 |
_w561 _xJohn Tresidder _y496 _zChrisna Calitz |
||
| 942 |
_cBK _2ddc |
||
| 999 |
_c730755 _d730754 |
||